| 000 -ლიდერი |
| ფიქსირებული სიგრძის საკონტროლო ველი |
01110nam a2200205Ia 4500 |
| 001 - საკონტროლო ნომერი |
| საკონტროლო ველი |
4356 |
| 003 - საკონტროლო ნომრის იდენტიფიკატორი |
| საკონტროლო ველი |
GE_BSU |
| 005 - ბოლო ოპერაციის თარიღი და დრო |
| საკონტროლო ველი |
20191010144629.0 |
| 008 - ფიქსირებული სიგრძის მონაცემთა ელემენტები - ზოგადი ინფორმაცია |
| ფიქსირებული სიგრძის საკონტროლო ველი |
181216s1967||||ge |||||||||||||| ||geo|| |
| 040 ## - კატალოგიზაციის წყარო |
| Transcribing agency |
GE_BSU |
| 041 ## - ენის კოდი |
| Language code of text/sound track or separate title |
geo |
| 080 ## - უნივერსალური ათობითი კლასიფიკაციის ინდექსი |
| Universal Decimal Classification number |
821.353.1–91+398.21(479.22) ქ-27 |
| 245 ## - ცნობა სათაურის შესახებ |
| Title |
ქართული ხალხური საისტორიო სიტყვიერება : |
| Remainder of title |
ტ. 3. / |
| Statement of responsibility, etc |
ტექსტის მომზადება, რედ., შესავ. და შენიშვნ. ქ. სიხარულიძის. |
| 264 ## - წარმოების, გამოცემის, დისტრიბუციის და სხვა ცნობები |
| გამოცემის, წარმოების, დისტრიბუციის... ადგილი |
თბილისი : |
| გამოცემის, წარმოების, დისტრიბუციის... სახელწოდება |
მეცნიერება, |
| გამოცემის, წარმოების, დისტრიბუციის... თარიღი |
1967. |
| 300 ## - ფიზიკური აღწერა |
| Extent |
507 გვ. ; |
| Other physical details |
21 სმ. |
| 653 ## - INDEX TERM--UNCONTROLLED |
| Uncontrolled term |
ქართული ხალხური ისტორიული სიტყვიერება |
| 700 ## - ADDED ENTRY--PERSONAL NAME |
| Personal name |
სიხარულიძე, ქ. |
| Relator term |
რედაქტორი |
| 9 (RLIN) |
4124 |
| 710 ## - ADDED ENTRY--CORPORATE NAME |
| Corporate name or jurisdiction name as entry element |
საქ. სსრ მეცნ. აკად., შოთა რუსთაველის სახ. ქართული ლიტერატურის ინ-ტი. |
| 9 (RLIN) |
4675 |
| 942 ## - ADDED ENTRY ELEMENTS (KOHA) |
| Koha item type |
წიგნი |
| Source of classification or shelving scheme |
|